| 000 | 01134nam a2200325 a 4500 | ||
|---|---|---|---|
| 999 |
_c10973 _d10973 |
||
| 001 | 10973 | ||
| 003 | BD-JhCC | ||
| 005 | 20191103134007.0 | ||
| 008 | 190610t20162018nyua j 001 0 eng d | ||
| 020 | _a9781465454249 (pbk.) | ||
| 020 | _a1465454241 | ||
| 020 | _a9780241365724 | ||
| 035 | _a(BD-JhCC)10973 | ||
| 040 |
_aPAP _cPAP _erda _dOCLCO _dDLC _dBD-JhCC |
||
| 041 | _aeng | ||
| 050 | 0 | 0 |
_aQ163 _b.G763 2016 |
| 082 | 0 | 4 |
_a500 _223 _bGRO 2018 |
| 100 | 1 | _aGrossman, Emily | |
| 245 | 1 | 0 |
_aScience / _cauthor and consultant ; Dr. Emily Grossman. |
| 250 | _aFirst American edition. | ||
| 260 |
_aNew York : _bDK Children, _c2018 |
||
| 300 |
_a64 pages : _billustrations (chiefly color) ; _c25 cm. |
||
| 490 | 1 | _aDK findout! | |
| 500 | _a"What do you want to find out? Fun facts, amazing pictures, quizzes"--Cover. | ||
| 500 | _aIncludes index. | ||
| 520 | _aAn introduction to science breaks down what it is and how it works, from the difference between atoms and molecules and the water cycle to food chains and weather.-- | ||
| 650 | 0 |
_aScience _vJuvenile literature. |
|
| 650 | 1 | _aScience. | |
| 942 |
_2ddc _cBK _02 |
||